Modern Islām in India: (Record no. 20422)

MARC details
000 -LEADER
fixed length control field 00966cam a2200301 4500
001 - CONTROL NUMBER
control field 4159740
003 - CONTROL NUMBER IDENTIFIER
control field BDDh-ASL
005 - DATE AND TIME OF LATEST TRANSACTION
control field 20231015025903.0
008 - FIXED-LENGTH DATA ELEMENTS--GENERAL INFORMATION
fixed length control field 720614r19471946nyub b 001 0 eng
010 ## - LIBRARY OF CONGRESS CONTROL NUMBER
LC control number 78188163
040 ## - CATALOGING SOURCE
Original cataloging agency DLC
Transcribing agency DLC
Modifying agency DLC
-- BDDh-ASL
043 ## - GEOGRAPHIC AREA CODE
Geographic area code a-ii---
-- a-pk---
050 00 - LIBRARY OF CONGRESS CALL NUMBER
Classification number DS427
Item number .S55 1972
082 00 - DEWEY DECIMAL CLASSIFICATION NUMBER
Classification number 297.09
Item number SMM
100 1# - MAIN ENTRY--PERSONAL NAME
Personal name Smith, Wilfred Cantwell,
Dates associated with a name 1916-2000.
245 10 - TITLE STATEMENT
Title Modern Islām in India:
Remainder of title a social analysis /
260 ## - PUBLICATION, DISTRIBUTION, ETC.
Place of publication, distribution, etc. Lahore:
Name of publisher, distributor, etc. Minerva Book Shop,
Date of publication, distribution, etc. 1947.
300 ## - PHYSICAL DESCRIPTION
Extent 475 p.
Other physical details map.
Dimensions 23 cm.
500 ## - GENERAL NOTE
General note Reprint of the 1946 ed., with the restoration of the bibliography from the original ed.
504 ## - BIBLIOGRAPHY, ETC. NOTE
Bibliography, etc. note Bibliography: p. 333-354.
650 #0 - SUBJECT ADDED ENTRY--TOPICAL TERM
Topical term or geographic name entry element Islam
Geographic subdivision India.
650 #0 - SUBJECT ADDED ENTRY--TOPICAL TERM
Topical term or geographic name entry element Muslims
Geographic subdivision India.
650 #0 - SUBJECT ADDED ENTRY--TOPICAL TERM
Topical term or geographic name entry element Nationalism
Geographic subdivision India.
650 #0 - SUBJECT ADDED ENTRY--TOPICAL TERM
Topical term or geographic name entry element Nationalism
General subdivision Religious aspects
-- Islam.
651 #0 - SUBJECT ADDED ENTRY--GEOGRAPHIC NAME
Geographic name India
General subdivision Intellectual life.
906 ## - LOCAL DATA ELEMENT F, LDF (RLIN)
a 7
b cbc
c orignew
d 2
e ncip
f 19
g y-gencatlg
942 ## - ADDED ENTRY ELEMENTS (KOHA)
Source of classification or shelving scheme Dewey Decimal Classification
Koha item type Books
Holdings
Withdrawn status Lost status Source of classification or shelving scheme Damaged status Not for loan Collection code Home library Current library Shelving location Date acquired Source of acquisition Total Checkouts Full call number Barcode Date last seen Copy number Price effective from Koha item type Public note
    Dewey Decimal Classification   Not For Loan Non-fiction Asiatic Society Library Asiatic Society Library General Stacks 01/09/2021 ASB Collection   297.09 SMM 103865 01/09/2021 C-1 01/09/2021 Books RARE

Powered by Koha